Enhancement of Fully Parallel Turbo Decoder Using Different Algorithms for Communications Applications (Record no. 244480)

MARC details
000 -LEADER
fixed length control field 00453nam a2200157Ia 4500
008 - FIXED-LENGTH DATA ELEMENTS--GENERAL INFORMATION
fixed length control field 240823s9999||||xx |||||||||||||| ||und||
082 ## - DEWEY DECIMAL CLASSIFICATION NUMBER
-- 004.6 Q9
100 ## - MAIN ENTRY--PERSONAL NAME
Personal name "Parvathy,M"
245 #0 - TITLE STATEMENT
Title Enhancement of Fully Parallel Turbo Decoder Using Different Algorithms for Communications Applications
260 ## - PUBLICATION, DISTRIBUTION, ETC. (IMPRINT)
Date of publication, distribution, etc 2019
500 ## - GENERAL NOTE
General note YES
650 ## - SUBJECT ADDED ENTRY--TOPICAL TERM
Topical term or geographic name as entry element Communications Applications
942 ## - ADDED ENTRY ELEMENTS (KOHA)
Item type Thesis
Holdings
Withdrawn status Lost status Damaged status Permanent location Current location Shelving location Date acquired Full call number Barcode Date last seen Koha item type
      CENTRAL LIBRARY, NOORUL ISLAM CENTRE FOR HIGHER EDUCATION CENTRAL LIBRARY, NOORUL ISLAM CENTRE FOR HIGHER EDUCATION   07/09/2020 004.6 Q9 TD194 08/23/2024 Thesis
Visitors:
Copyright © 2024 Central Library NICHE.  All rights reserved.